000 01432cam a2200349 a 4500
001 12807026
003 OSt
005 20180116183051.0
008 020531s2003 cau b 001 0 eng
010 _a 2002107738
020 _a0534561632
040 _aDLC
_cDLC
_dDLC
050 0 0 _aP90
_b.B285 2003
082 0 0 _a302.2301 BAR 2003
_222
100 1 _aBaran, Stanley J.
245 1 0 _aMass communication theory :
_bfoundations, ferment, and future /
_cStanley J. Baran, Dennis K. Davis.
250 _a3rd ed.
260 _aBelmont, CA :
_bThomson/Wadsworth,
_cc2003.
300 _axviii, 406 p. ;
_c24 cm.
440 _aMass communication theory :
490 1 _aWadsworth series in mass communication & journalism
504 _aIncludes bibliographical references (p. 383-398) and index.
650 0 _aMass media
_xPhilosophy.
700 1 _aDavis, Dennis K.
830 0 _aWadsworth series in mass communication and journalism
856 4 2 _3Contributor biographical information
_uhttp://www.loc.gov/catdir/enhancements/fy1515/2002107738-b.html
856 4 2 _3Publisher description
_uhttp://www.loc.gov/catdir/enhancements/fy1515/2002107738-d.html
856 4 1 _3Table of contents only
_uhttp://www.loc.gov/catdir/enhancements/fy1515/2002107738-t.html
906 _a7
_bcbc
_corignew
_d3
_eepcn
_f20
_gy-gencatlg
942 _2ddc
_cBK
999 _c351627
_d351627